000 00292nam a22001337a 4500
008 221005b ||||| |||| 00| 0 eng d
041 _aeng
080 _2fifth edition
_a611
082 _a611
100 _a10
101 _aANA
245 _aHUMAN NEUROANATOMY
_cTRUEX.C.R
942 _2udc
_cBK
999 _c58354
_d58354